| 000 | 00353nam a22001457a 4500 | ||
|---|---|---|---|
| 999 |
_c24411 _d24411 |
||
| 003 | NUST | ||
| 008 | 140522b xxu||||| |||| 00| 0 eng d | ||
| 020 | _cAvailable | ||
| 038 | _aNusrat Nadeem | ||
| 082 | _a620.001 | ||
| 100 |
_aDonovan,John J _921567 |
||
| 245 |
_aSystems Programing _cDonovan,John J |
||
| 538 | _iSupercomputing Lab | ||
| 942 |
_2ddc _cBK |
||